| 000 | 00736nam a22002297a 4500 | ||
|---|---|---|---|
| 001 | 46354 | ||
| 003 | BD-RjUL | ||
| 005 | 20211209054136.0 | ||
| 008 | 160801s1979 usaa|||| |||| 00| 0 eng d | ||
| 035 | _a(BD-RjUL)46472 | ||
| 040 |
_aBD-RjUL _beng _cBD-RjUL |
||
| 041 | _aeng | ||
| 082 |
_223 _a370.973 _bAME 1979 |
||
| 245 |
_aAmerican education : diversity & research / _cedited by Herbert J. Walberg. |
||
| 260 |
_aWashington : _bVoice of America, U.S Information Agency, _c1979 |
||
| 300 |
_avi, 217p.: _bill. ; _c 21 cm |
||
| 490 | _aVoice Of America forum series. | ||
| 650 |
_aEducation -- United States. _9141551 _v Education |
||
| 650 |
_aUnited States. _9141557 |
||
| 700 |
_aWalberg Herbert J. _9141552 |
||
| 942 |
_2ddc _cBK |
||
| 999 |
_c46354 _d46354 |
||